000 00577nam a2200229Ia 4500
008 160901s9999 xx 000 0 und d
020 _a978-0-470-49983-2
050 _aComSc QA 76.73
050 _b.B3S74 2010
100 _aStephens, Rod.
245 _aVisual basic 2010 :
245 _bprogrammer's referrence /
245 _cRod Stephens.
260 _aIndia :
260 _bWiley Pub., Inc.,
260 _c2010
300 _a1217 pages :
300 _bill. ;
300 _c23 cm.
650 _aVisual Basic.
650 _xBASIC (Computer program language).
999 _c300846
_d300846